000 00380nam a2200145Ia 4500
008 230917s9999||||xx |||||||||||||| ||und||
040 _e27760
_aMAIN
041 _aEnglish
082 _a547.139 J151U
100 _aJacobs, A
245 0 _aUnderstanding organic reaction mechanisms
260 _aCambridge
_bCambridge University Press
_c1997
300 _axv, 304 p.
942 _cBK
999 _c91012
_d91012